000 00892nam a2200241 a 4500
001 BRCA_9125
003 FranzMayer
005 20230728121313.0
008 051017s1758----sp-#######---#000-0#spa-#
040 _aMFM
_besp
_cMFM
041 _aspa
044 _asp
084 _aBE157
_b.R63 1758
100 1 _aRodríguez, Alonso
_922505
245 1 0 _aExercicio de perfeccion, y virtudes christianas
_csu autor el padre Alonso Rodríguez; dividido en tres partes; parte segunda; de varios medios para alcanzar la virtud, y perfección.
260 _aBarcelona
_bPor pablo Campins Impressor
_c1758
300 _a457 p. (t.2)
_c21.5 x 15.5 cm
500 _aCon licencia
500 _aEstado físico: presenta encuadernación en pergamino con cintas rotas y lomo semi desprendido
650 1 4 _aPerfeccion
_xAspectos religiosos
_yObras anteriores a 1800
_922506
902 _aCFM
942 _2lcc
_cB
999 _c8773
_d8773